Sports Quiz

Random Sports or Baseball Quiz

Most Games Played - Padres (2000s) Quiz Stats

Quiz not verified by Sporcle

Challenge
Share
Tweet
Embed
Score 0/41 Timer 06:00
0 Plays Today
Position Player % Correct
First BaseAdrian Gonzalez
98%
CatcherWiki Gonzalez
97.2%
Right FieldBrian Giles
90.7%
ShortstopKhalil Greene
87.4%
First BaseRyan Klesko
83.3%
Left FieldRyan Klesko
83.3%
First BasePhil Nevin
80.9%
Third BasePhil Nevin
80.9%
Third BaseKevin Kouzmanoff
76.8%
CatcherRamon Hernandez
76%
Left FieldChase Headley
75.6%
CatcherNick Hundley
70.7%
Second BaseMark Loretta
69.5%
Center FieldMike Cameron
67.9%
Second BaseDavid Eckstein
61%
ShortstopEverth Cabrera
58.1%
CatcherJosh Bard
54.9%
Second BaseDamian Jackson
53.3%
Third BaseSean Burroughs
53.3%
ShortstopDamian Jackson
53.3%
Right FieldWill Venable
51.6%
Position Player % Correct
CatcherBen Davis
50%
Center FieldMark Kotsay
49.2%
Left FieldDave Roberts
48.4%
Center FieldDave Roberts
48.4%
Second BaseJosh Barfield
43.9%
Second BaseBret Boone
40.7%
First BaseXavier Nady
37%
Left FieldRondell White
37%
Right FieldXavier Nady
37%
ShortstopDeivi Cruz
36.6%
Third BaseVinny Castilla
35.8%
Left FieldRickey Henderson
34.6%
Center FieldJay Payton
32.9%
ShortstopRamon Vazquez
27.6%
Right FieldBubba Trammell
26.8%
Third BaseGeoff Blum
25.6%
Center FieldRuben Rivera
25.6%
First BaseMark Sweeney
24.8%
Right FieldMike Darr
24%
Right FieldEric Owens
22.8%

You're not logged in!

Compare scores with friends on all Sporcle quizzes.
Sign Up with Email
OR
Log In

You Might Also Like...

Show Comments

Extras

Top Quizzes Today


Score Distribution

Your Account Isn't Verified!

In order to create a playlist on Sporcle, you need to verify the email address you used during registration. Go to your Sporcle Settings to finish the process.